| 000 | 01002 a2200241 4500 | ||
|---|---|---|---|
| 003 | Nust | ||
| 005 | 20221222184228.0 | ||
| 010 | _a 2004048502 | ||
| 020 | _a8181477189 (alk. paper) | ||
| 040 | _cNust | ||
| 082 | 0 | 0 | _a621.3827,WDM |
| 245 | 0 | 0 |
_aWDM technologies : _boptical networks : volume III / _cedited by Achyut K. Dutta, Niloy K. Dutta, Masahiko Fujiwara. |
| 260 |
_aAmsterdam ; _aBoston : _bElsevier Academic Press, _cc2004. |
||
| 300 |
_axix, 315 p. : _bill. ; _c24 cm. |
||
| 505 | _aPart 1: Overview and WDM/TDM Perspectives (Page-11), Part 2: Critical Technologies (Page-63), Part 3: Applications (Page-189). | ||
| 650 | 0 | _aTelecommunication Engineering | |
| 700 | 1 |
_aDutta, Achyut K. _9105717 |
|
| 700 | 1 |
_aDutta, N. K. _d1953- _9105718 |
|
| 700 | 1 |
_aFujiwara, Masahiko. _9105719 |
|
| 856 | 4 | 1 |
_3Publisher description _uhttp://www.loc.gov/catdir/description/els051/2004048502.html |
| 856 | 4 | 1 |
_3Table of contents _uhttp://www.loc.gov/catdir/toc/els051/2004048502.html |
| 942 |
_2ddc _cBK |
||
| 999 |
_c188670 _d188670 |
||